00326nam a2200109Ia 4500008004000000082001500040100002500055245005200080260003900132300001400171650003100185210210b1968 xxu||||| |||| 00| 0 eng d a821.2 JEFC aJEFFARES (A Norman). aCommentary on the collected poems of W B Yeats. aLondonbMacmillan & Co. Ltd.c1968 axxxii,563 aCommentary Poems Yeats W B